Current Non-Commissioned Ships of the US Navy - Statistics

General Stats
  • This quiz has been taken 11 times
  • The average score is 34 of 107
Answer Stats
Hint Answer % Correct
Fast Combat Support Ship Supply
88%
Replenishment Oiler Henry J. Kaiser
63%
Hospital Ships Mercy
63%
Replenishment Oiler Tippecanoe
63%
Expeditionary Fast Transport Trenton
63%
Expeditionary Fast Transport Yuma
63%
Cable Repair Ships Zeus
63%
Survey Ship Bowditch
50%
Expeditionary Fast Transport Brunswick
50%
Expeditionary Fast Transport Burlington
50%
Expeditionary Fast Transport Carson City
50%
Hospital Ships Comfort
50%
Expeditionary Fast Transport Fall River
50%
Salvage Ships Grapple
50%
Salvage Ships Grasp
50%
Survey Ship Mary Sears
50%
Dry Cargo Ship Matthew Perry
50%
Expeditionary Fast Transport Millinocket
50%
Expeditionary Transfer Dock Montford Point
50%
Vehicle Cargo Ship Pililaau
50%
Replenishment Oiler Rappahannock
50%
Salvage Ships Safeguard
50%
Salvage Ships Salvor
50%
Expeditionary Fast Transport Spearhead
50%
Replenishment Oiler Yukon
50%
Dry Cargo Ship Alan Shepard
38%
Dry Cargo Ship Amelia Earhart
38%
Replenishment Oiler Big Horn
38%
Vehicle Cargo Ship Bob Hope
38%
Dry Cargo Ship Carl Brashear
38%
Dry Cargo Ship Cesar Chavez
38%
Dry Cargo Ship Charles Drew
38%
Expeditionary Fast Transport City of Bismarck
38%
Vehicle Cargo Ship Dahl
38%
Replenishment Oiler Guadalupe
38%
High Speed Transfer Ship Guam
38%
Survey Ship Henson
38%
Missile Range Instrumentation Ship Howard O. Lorenzen
38%
Replenishment Oiler John Ericsson
38%
Expeditionary Transfer Dock John Glenn
38%
Replenishment Oiler John Lenthall
38%
Replenishment Oiler Joshua Humphreys
38%
Replenishment Oiler Kanawha
38%
Replenishment Oiler Laramie
38%
Replenishment Oiler Leroy Grumman
38%
Dry Cargo Ship Lewis and Clark
38%
Survey Ship Pathfinder
38%
Replenishment Oiler Patuxent
38%
Replenishment Oiler Pecos
38%
Vehicle Cargo Ship Pomeroy
38%
Vehicle Cargo Ship Red Cloud
38%
Dry Cargo Ship Richard E. Byrd
38%
Dry Cargo Ship Robert E. Peary
38%
Dry Cargo Ship Sacagawea
38%
Vehicle Cargo Ship Seay
38%
Vehicle Cargo Ship Sisler
38%
Vehicle Cargo Ship Soderman
38%
Dry Cargo Ship Wally Schirra
38%
Replenishment Oiler Walter S. Diehl
38%
Dry Cargo Ship Washington Chambers
38%
Dry Cargo Ship William Mclean
38%
Fleet Ocean Tug Apache
25%
Fast Combat Support Ship Artic
25%
Vehicle Cargo Ship Benavidez
25%
Survey Ship Bruce C. Heezen
25%
Vehicle Cargo Ship Charlton
25%
Expeditionary Fast Transport Choctaw County
25%
Vehicle Cargo Ship Fisher
25%
Vehicle Cargo Ship Gordon
25%
Ocean Surveillance Ship Impeccable
25%
Missile Range Instrumentation Ship Invincible
25%
Survey Ship Maury
25%
Dry Cargo Ship Medgar Evers
25%
Fleet Ocean Tug Sioux
25%
Ocean Surveillance Ship Victorious
25%
Vehicle Cargo Ship Watkins
25%
Vehicle Cargo Ship Watson
25%
Vehicle Cargo Ship Brittin
13%
Fleet Ocean Tug Catawaba
13%
Harbour Tug Defiant
13%
Large Harbour Tug Dekanawida
13%
Vehicle Cargo Ship Gilliland
13%
Vehicle Cargo Ship GySgt. Fred W. Stockham
13%
Expeditionary Transfer Dock Hershel "Woody"
13%
Large Harbour Tug Manhattan
13%
Vehicle Cargo Ship Mendonca
13%
Harbour Tug Menominee
13%
Training Support Ship Prevail
13%
Harbour Tug Puyallup
13%
Harbour Tug Reliant
13%
Large Harbour Tug Santaquin
13%
Harbour Tug Seminole
13%
Vehicle Cargo Ship Shughart
13%
Harbour Tug Valiant
13%
Large Harbour Tug Wanamassa
13%
Vehicle Cargo Ship Yano
13%
Large Harbour Tug Canonchet
0%
Crane Ship Cornhusker State
0%
Crane Ship Flickertail State
0%
Crane Ship Gem State
0%
Crane Ship Gopher Sate
0%
Crane Ship Grand Canyon State
0%
Large Harbour Tug Keokuk
0%
Crane Ship Keystone State
0%
Large Harbour Tug Pokagon
0%
Littoral Surface Ship Sea Fighter
0%
Large Harbour Tug Skenandoa
0%
No matching quizzes found
Score Distribution
Percent of People with Each Score
Percentile by Number Answered
Your Score History
You have not taken this quiz